El desarrollo en la perspectiva de finales del siglo XX /

Đã lưu trong:
Chi tiết về thư mục
Tác giả chính: Ortiz Ramírez, Eduardo
Định dạng: Texto
Những chủ đề:
Các nhãn: Thêm thẻ
Không có thẻ, Là người đầu tiên thẻ bản ghi này!

MARC

LEADER 00000 a a2200000 04500
001 7375
003
040
100 |a Ortiz Ramírez, Eduardo  
245 |a El desarrollo en la perspectiva de finales del siglo XX /  |c Eduardo Ortiz Ramírez 
650 |a DESARROLLO ECONOMICO  
650 |a ECONOMIAS DEL DESARROLLO  
650 |a ASPECTOS ECONOMICOS  
650 |a MARCO INSTITUCIONAL  
650 |a DETERIORO AMBIENTAL  
650 |a ESTADISTICAS ECONOMICAS  
773 |g volumen 8, número 1; páginas 69-94  
999 |c 35333  |d 35333